000 00530cam a2200193ua 4500
001 11678
005 20260515114801.0
008 191017n ii |||gr||||Z||||||eng
020 _a9788132105114
040 _cMAIN
082 _a305.800954162
100 _aNandana Dutta . ,
_eAuthor.
245 _aQuestions of Identity in Assam :
_blocation, migration,hybridity /
_cBy Nandana Dutta .
250 _a1st ed.
260 _aNew Delhi:
_bSage Publication,
_c2012.
300 _a269p.
653 _aSocial groups
942 _cBK
999 _c10473
_d10473